| 000 | 01065nam a2200325 i 4500 | ||
|---|---|---|---|
| 001 | 016198921 | ||
| 003 | EG-ScBUE | ||
| 005 | 20250701101124.0 | ||
| 008 | 121024t2014 nyua f 001 0 eng d | ||
| 020 | _a125906042X | ||
| 020 | _a9781259060427 (pbk.) : | ||
| 040 |
_aEG-ScBUE _beng _erda _cEG-ScBUE _dEG-ScBUE |
||
| 082 | 0 | 4 |
_a540 _222 _bCHA |
| 100 | 1 |
_aChang, Raymond, _eauthor. _931039 |
|
| 245 | 1 | 0 |
_aGeneral chemistry : _bthe essential concepts / _cRaymond Chang, Williams College, Kenneth A. Goldsby, Florida State University. |
| 250 | _aSeventh edition. | ||
| 250 | _aInternational student edition | ||
| 264 | 1 |
_aNew York : _bMcGraw-Hill, _c[2014] |
|
| 264 | 4 | _cc2014 | |
| 300 |
_a1 volume (various pagings) : _billustrations ; _c26 cm |
||
| 336 |
_2rdacontent _atext _btxt |
||
| 337 |
_aunmediated _2rdamedia _bn |
||
| 338 |
_avolume _bnc _2rdacarrier |
||
| 500 | _aIncludes index. | ||
| 650 | 7 |
_aChemistry. _2BUEsh _934215 |
|
| 653 | _cOctober2013 | ||
| 655 | _vReading book | ||
| 700 | 1 |
_aGoldsby, Kenneth A., _eauthor. _934216 |
|
| 942 |
_2ddc _cBB |
||
| 999 |
_c17682 _d17654 |
||